Sudan City Quiz - Statistics

General Stats
  • This quiz has been taken 29 times
  • The average score is 4 of 11
Answer Stats
City % Correct
Khartoum
90%
Port Sudan
81%
Omdurman
76%
Kassala
43%
Nyala
43%
Khartoum North
33%
El Obeid
29%
El Fasher
14%
Kosti
14%
Medani
5%
Gedaref
0%
No matching quizzes found
Score Distribution
Percent of People with Each Score
Percentile by Number Answered
Your Score History
You have not taken this quiz